000 00474nmm a2200157Ia 4500
008 251105s9999||||xx |||||||||||||||||und||
020 _a9788431521301
041 _aspa
100 _aDalmau Riera, Josep
245 0 _aCocina rica y sabrosa baja en calorías
264 _a[Madrid, España] :
_bDe Vecchi,
_c[Fecha de publicación no identificada]
300 _a0 páginas
650 _aCooking
856 _uhttps://public.digitaliapublishing.com/a/123175
942 _cCF
999 _c81011
_d81011